000 00966nam a22002177a 4500
003 OSt
005 20170608093044.0
008 150408b2015 slv spa
040 _cBMC
082 _a670.42
100 1 _935618
_aQuintana Pacheco, Patricia Betsabé
245 1 0 _aPasantía en Hospital Nacional San Juan de Dios de Santa Ana
_b: Informe final
_cPatricia Betsabé Quintana Pacheco
260 _aSanta Ana (El Salvador)
_bUniversidad Católica de El Salvador
_c2006
300 _a1 v. (pág. var.)
_bil. col.
_c27 cm
_e+ 1 disco compacto
500 _aPrecede al tít.: Universidad Católica de El Salvador, Facultad de Ingeniería y Arquitectura
501 _aPeríodo de realización del 27 de febrero al 28 de agosto de 2006
502 _aPara optar al título de Ingeniera Industrial
650 4 _919919
_aIngeniería industrial
710 0 _91166
_aUniversidad Católica de El Salvador
_bFacultad de Ingeniería y Arquitectura
942 _2ddc
_cTG
999 _c21945
_d21945